Álgebra A. /

Bibliographic Details
Main Author: Capitelli, Nicolás A. (Author)
Format: Electronic eBook
Language:Spanish
Published: Ciudad de Buenos Aires : Eudeba, [2020]
Edition:Primera edición.
Series:UBA XXI.
Subjects:
Online Access:Digitalia Hispánica

MARC

LEADER 00000nam a2200000Ii 4500
001 DIGEUDE303
003 NyNyDIG
006 m o d
007 cr |||||||||||
008 230712s2020 ag ob 000 0 spa d
035 |a (OCoLC)1393997535 
040 |a DGITA  |b eng  |e rda  |e pn  |c DGITA 
020 |a 9789502329703  |q eBook 
020 |z 9789502329697 
050 1 4 |a QA150 ebook 
100 1 |a Capitelli, Nicolás A.,  |e author. 
245 1 0 |a Álgebra A. /  |c Nicolás A. Capitelli [and 3 others]. 
250 |a Primera edición. 
264 1 |a Ciudad de Buenos Aires :  |b Eudeba,  |c [2020] 
300 |a 1 online resource. 
336 |a text  |b txt  |2 rdacontent 
337 |a computer  |b c  |2 rdamedia 
338 |a online resource  |b cr  |2 rdacarrier 
347 |a text file  |2 rdaft 
347 |b PDF 
490 1 |a UBA XXI 
504 |a Includes bibliographical references. 
588 0 |a Online resource; title from PDF title page (Digitalia, viewed July 12, 2023) 
650 0 |a Algebra. 
791 2 |a Digitalia (Firm),  |e distributor. 
793 0 |g Digitalia eBook Collection:  |a Eudeba 
776 0 8 |i Print version:  |a Capitelli, Nicolás A.  |t Álgebra A.  |b Primera edición.  |d Ciudad de Buenos Aires : Eudeba, [2020]  |z 9789502329697 
830 0 |a UBA XXI. 
856 4 0 |3 Digitalia Hispánica  |u https://www.digitaliapublishing.com/a/128489/ 
910 |a Premium collection: 2023